[Event "Belgorod"]
[Site "Belgorod"]
[Date "1990.??.??"]
[Round "?"]
[White "Kantsler, Boris"]
[Black "Moskalenko, Viktor"]
[Result "0-1"]
[WhiteElo "2430"]
[BlackElo "2525"]
[Annotator "Moskalenko,V"]
[PlyCount "70"]
[EventDate "1990.??.??"]
[EventType "tourn"]
[EventRounds "15"]
[EventCountry "URS"]
[EventCategory "9"]
[SourceTitle "EXT 1999"]
[Source "ChessBase"]
[SourceDate "1998.11.16"]
[SourceVersion "1"]
[SourceVersionDate "1998.11.16"]
[SourceQuality "1"]

1. d4 e6 2. c4 f5 3. g3 Nf6 4. Bg2 c6 5. Nf3 d5 6. O-O Bd6 7. Nc3 (7. b3) 7...
O-O 8. c5 Bc7 9. Bf4 Bxf4 {N} (9... Ne4) 10. gxf4 Ne4 $5 11. Qc2 b6 $132 12. b4
Ba6 13. Rfe1 Nd7 14. a4 bxc5 $5 15. dxc5 (15. bxc5 Qa5 $15) 15... Qf6 16. Ra3
Rab8 (16... Bb7 $5 {/\ a5}) 17. b5 $1 Bb7 18. e3 Rbc8 {><c5} 19. Nd4 $1 Nexc5
20. bxc6 Bxc6 21. Ncb5 $44 Bxb5 22. axb5 Ne4 23. Qa2 (23. Nc6 Nb8 $1 24. Rxa7
Nxc6 25. bxc6 Qc3 $1 $15) 23... Ndc5 24. Rf1 $1 (24. Rxa7 $2 Nd3 {/\ Nf4})
24... Kh8 {/\ g5} 25. Rxa7 g5 $1 26. fxg5 Nxg5 27. f4 Nge4 $13 28. Qa1 (28. Nf3
$5) 28... Rb8 $1 29. Rc7 $138 Rg8 30. Nc6 $2 (30. Nf3 $5 Qxa1 31. Rxa1 Rxb5 32.
Ne5 Rb2 33. Kh1 $1 $13) 30... Rxg2+ $1 31. Kxg2 Rg8+ 32. Kf3 (32. Kh3 {>=} Nf2+
33. Rxf2 Qxa1 34. Ne5 Ne4 $1 35. Nf7+ Kg7 36. Rg2+ Kf6 37. Rxg8 (37. Ne5 Rf8
$19) 37... Qf1+ $1 $19) 32... Nd2+ 33. Kf2 Nce4+ 34. Ke2 Rg2+ 35. Kd3 Nc5+ 0-1

[Event "EU-ch 6th"]
[Site "Warsaw"]
[Date "2005.06.20"]
[Round "3"]
[White "Najer, Evgeniy"]
[Black "Iljushin, Alexei"]
[Result "1-0"]
[WhiteElo "2615"]
[BlackElo "2543"]
[Annotator "Mueller,Karsten"]
[PlyCount "199"]
[EventDate "2005.06.18"]
[EventType "swiss"]
[EventRounds "13"]
[EventCountry "POL"]
[SourceTitle "CBM 108"]
[Source "ChessBase"]
[SourceDate "2005.09.26"]
[SourceVersion "1"]
[SourceVersionDate "2005.09.26"]
[SourceQuality "1"]

{[%mdl 32768]} 1. d4 e6 2. c4 f5 3. g3 Nf6 4. Bg2 c6 5. Nh3 d5 6. O-O Bd6 7.
Bf4 Be7 8. Nd2 O-O 9. Qc2 Nh5 10. Nf3 Nd7 11. Bg5 Ndf6 12. e3 h6 13. Bxf6 Bxf6
14. Nf4 Nxf4 15. exf4 Bd7 16. Rfe1 Qb6 17. Rad1 Rad8 18. Rd2 Bc8 19. c5 Qc7 20.
Qc3 Bd7 21. b4 b6 22. Bf1 Rb8 23. Ba6 Rf7 24. Rde2 Re7 25. Kg2 Ree8 26. h3 Re7
27. Re3 Rf8 28. R1e2 g5 29. fxg5 hxg5 30. Ne5 Be8 31. cxb6 axb6 32. Rc2 Qd6 33.
Bd3 Rc7 34. a4 Qd8 35. Re1 c5 36. Bb5 c4 37. Bxe8 Qxe8 38. b5 Bxe5 39. Rxe5 Rh7
40. Qe3 Qg6 41. Rxe6 Qh5 42. Qf3 Qxh3+ 43. Kg1 Rd8 44. Rce2 Qh2+ 45. Kf1 Qh1+
46. Qxh1 Rxh1+ 47. Kg2 Ra1 48. Rxb6 Rxa4 49. Rc6 Rb4 50. b6 Rb8 51. Ree6 g4 52.
Rg6+ Kh7 53. Rgd6 Rb5 54. Kf1 Rb1+ 55. Kg2 Rb5 56. Re6 Kg7 57. Kf1 Kf7 58. Rf6+
Ke7 59. Ke2 Rc8 60. Rce6+ Kd7 61. Rd6+ Ke7 62. Rfe6+ Kf7 63. Rh6 Re8+ 64. Kd1
Rb1+ 65. Kc2 Rf1 66. Rxd5 Rxf2+ 67. Kc3 Re3+ 68. Kxc4 Rc2+ 69. Kb5 Rb3+ 70. Ka6
Ra2+ 71. Kb7 Rxg3 72. Rd7+ Ke8 73. Rdh7 Re3 74. Rf6 g3 75. Rxf5 g2 76. Rg5 Re7+
77. Rxe7+ Kxe7 78. Kc8 Rc2+ 79. Kb8 Kd7 80. b7 Ra2 81. Rd5+ Kc6 82. Rc5+ Kd7
83. Rd5+ Kc6 84. Rg5 Kd7 85. Rg8 Rc2 86. Rg3 Ra2 87. Rg7+ {[%tqu "De","Finden
Sie einen der beiden Remiszüge!","","","d7d8","",0,"d7e6","",5,"d7d6","",5]}
Kd8 $2 (87... Ke6 $11) (87... Kd6 88. Kc8 Rc2+ 89. Kd8 Rb2 90. Rg6+ Kd5 91. Kc7
Rc2+ 92. Kb6 Rb2+ $11) 88. d5 $1 Ra5 (88... Ke8 89. Kc7 Rc2+ 90. Kd6 Rb2 91.
Rg8+ Kf7 92. Rxg2 Rxb7 93. Kc6 Ra7 94. d6 Ra6+ 95. Kc7 Ra7+ 96. Kb6 $18) (88...
Rc2 89. Ka7 Ra2+ 90. Kb6 Rb2+ 91. Kc6 $18) 89. Rxg2 Ra1 90. Rg3 Kd7 91. Rg6 Ra2
92. Rg7+ Kd8 93. Rg5 Kd7 94. d6 Ra1 95. Rg7+ Kd8 96. d7 Ra2 97. Rg8+ Kxd7 98.
Rg7+ Kd8 99. Rg4 Rd2 100. Ra4 1-0

[Event "World Cup"]
[Site "Khanty-Mansiysk"]
[Date "2009.11.25"]
[Round "2.2"]
[White "Navara, David"]
[Black "Shabalov, Alexander"]
[Result "1/2-1/2"]
[WhiteElo "2707"]
[BlackElo "2606"]
[Annotator "Nielsen,Peter Heine"]
[PlyCount "110"]
[EventDate "2009.11.21"]
[EventType "k.o."]
[EventRounds "7"]
[EventCountry "RUS"]
[SourceTitle "CBM 134"]
[Source "ChessBase"]
[SourceDate "2010.01.18"]
[SourceVersion "1"]
[SourceVersionDate "2010.01.18"]
[SourceQuality "1"]

1. d4 f5 2. g3 Nf6 3. Bg2 e6 4. c4 d5 5. Nh3 c6 6. O-O Bd6 7. Bf4 Be7 8. Nd2
O-O 9. Nf3 Ne4 10. Qc1 Nd7 11. Nhg5 Ndf6 12. Ne5 Nh5 13. Nxe4 Nxf4 14. gxf4
fxe4 15. Qe3 Bd6 16. f3 Bxe5 17. fxe5 exf3 18. Rxf3 Rxf3 19. Qxf3 Bd7 20. Rf1
Qe7 21. Qb3 Be8 22. e4 dxc4 23. Qxc4 Bf7 24. b4 Rd8 25. a4 h6 26. b5 Kh7 27. h3
Bg6 28. bxc6 bxc6 29. Kh2 a5 30. Rf2 Qh4 31. Rf1 Qe7 32. Rd1 c5 33. d5 exd5 34.
Rxd5 Rc8 35. Qc3 Bf7 36. Rd6 c4 37. Ra6 Rc5 38. Rxa5 Rc7 39. Ra6 Rb7 40. e6 Bg6
41. e5 Rb1 42. Qxc4 Rb2 43. Qg4 Qc5 44. Rd6 h5 45. Qf3 {#} Qxe5+ $2 (45... Rf2
$1 46. Qg3 Be4 47. e7 Qc2 $3 {This must be the point Shabalov missed.}) 46. Qg3
Qxg3+ 47. Kxg3 h4+ 48. Kf4 Rxg2 49. a5 Rf2+ 50. Ke3 Rh2 51. Kf4 Rxh3 52. e7 Bf7
53. Rd8 Rg3 (53... Ra3 54. e8=Q Bxe8 55. Rxe8 Rxa5 56. Kg4 $1 {is a tablebase
draw.}) 54. a6 g5+ 55. Kf5 Ra3 1/2-1/2

[Event "Paris-ch op"]
[Site "Paris"]
[Date "1999.07.21"]
[Round "3.1"]
[White "Payen, Arnaud"]
[Black "Tregubov, Pavel V"]
[Result "1/2-1/2"]
[WhiteElo "2373"]
[BlackElo "2609"]
[Annotator "Payen,A"]
[PlyCount "131"]
[EventDate "1999.07.07"]
[EventType "swiss"]
[EventRounds "9"]
[EventCountry "FRA"]
[SourceTitle "EXT 2017"]
[Source "ChessBase"]
[SourceDate "2016.10.25"]
[SourceVersion "1"]
[SourceVersionDate "2016.10.25"]
[SourceQuality "1"]

1. d4 {Cette partie a été joué а la 3ème ronde du Cht de Paris sur la 1ère
table les deux joueurs ayant 2 points sur 2.} d5 2. Nf3 c6 3. c4 e6 4. Nbd2 f5
{La Hollandaise "Stonewall"(Mur de pierre!).} 5. g3 Nf6 6. Bg2 Bd6 7. O-O O-O
8. b3 b6 9. Bb2 Bb7 10. Qc2 Ne4 11. Rac1 Nd7 12. Ne5 {A cette époque mes
connaissances sur le Stonewall était assez limitées!} c5 $6 (12... Nxe5 $5 13.
dxe5 Bc5) 13. Nxd7 $1 Qxd7 {[%csl Rc4,Rc5,Rd4,Rd5]} 14. cxd5 exd5 15. dxc5 bxc5
16. Rfd1 {Les blancs ont crée aux noirs des pions pendants en d5 et c5.leur
jeu se concentre maintenant sur l'attaque de ces deux faiblesses!} Qe7 {
Pour jouer éventuellement d4} 17. e3 {On stoppe le pion d5!} a5 18. Nb1 $1 {
[%csl Rd5][%cal Rb1c3,Rc3d5] Prépare l'attaque de d5 par Cc3} Rac8 {[%cal
Gc8c2]} 19. Qd3 {Un bon coup prophylactique pour que la dame ne se trouve pas
dans la colonne de la tour!} (19. Nc3 d4 20. exd4 cxd4 21. Rxd4 Bc5 $17) 19...
Kh8 20. Nc3 c4 21. Qe2 $1 {[%csl Rd5] Bien sûr on laisse la faiblesse d5 en
arrière!} Qe6 $2 {Une erreur pas si simple а anticiper!} (21... cxb3 22. axb3
Rc5 $14 23. Na4) 22. Nxe4 $1 {[%csl Rb7] Le début d'une belle combinaison sur
laquelle j'ai dépensé beaucoup de temps car j'ai vu que j'allais perdre f2 а
la fin!} fxe4 23. bxc4 Rxc4 24. Rxc4 dxc4 25. Bxg7+ $1 {La pointe de tous les
échanges précédents!} Kxg7 26. Qb2+ Qf6 27. Qxb7+ Rf7 28. Qxe4 Qxf2+ 29. Kh1
$18 {La position que j'avais essayé d'évaluer dans mes calculs au 22ème coup!}
Qe2 $2 30. Qd4+ Rf6 31. Rf1 {Tout s'enchaîne comme dans un rêve!} Be7 32. Qe5
Bd8 33. Qg5+ Kf7 34. Bd5+ Ke8 35. Rxf6 Bxf6 36. Qg8+ $1 (36. Qxf6 $2 Qd1+ 37.
Kg2 Qxd5+ $11) 36... Kd7 37. Qe6+ Kc7 38. Qc6+ Kd8 (38... Kb8 39. Qb7#) 39.
Qd6+ $4 $138 {Le côté tragique du jeu d'échecs,très mal au temps ,avec 50
personnes autour de la table et la tension je ne vois pas le simple Dxf6+ et
me contente de gagner du temps а la pendule.A l'époque,pas de cadence Fischer!}
(39. Qxf6+ $18) 39... Ke8 40. Qe6+ $2 (40. Qc6+ $1 $18 Ke7 41. Qe6+ Kd8 42.
Qxf6+) (40. Qxf6 Qd1+ 41. Kg2 Qxd5+) 40... Be7 {Attention au mat en f1!} 41.
Bxc4 Qe1+ 42. Kg2 Qd2+ 43. Kh3 (43. Kf3 $5) 43... Qd7 $1 {Seule chance :Finale
de fous.Les supers grands-Maîtres sont toujours difficiles а battre!} 44. Qxd7+
Kxd7 45. Kg4 Bc5 46. e4 Kd6 (46... Bg1 $1 47. h3 Bf2 48. e5 $1 {Pion a5!}) 47.
Bg8 $1 h6 48. Kf5 Bd4 49. g4 $2 (49. e5+ $1 Bxe5 (49... Ke7 50. e6 (50. Bd5) (
50. Kg6 Be3 51. g4 Bg5 52. Kh5 Bf4 53. h4 Be3 54. Kg6 Bf4 55. Bd5 Bd2 56. g5
hxg5 57. h5 Bc3 58. Kf5 Kf8 59. h6 g4 60. e6 g3 61. Kg4 Be5)) 50. Kg6 $18)
49... Bc3 50. a4 Bb2 51. h4 Bc3 52. Bf7 Bb2 53. g5 hxg5 54. Kxg5 $11 {Une
position de nulle théorique!} (54. hxg5 $5 $11 Bc3 55. Kg6 Ke7 56. Bc4 Bd4 57.
Kh7 Kf8 58. g6 Bg7 $11) 54... Ke7 55. Kg6 Bc3 56. h5 Bb2 57. h6 Bc3 58. h7 Bb2
59. Bc4 Bc3 60. Kf5 {Menace e5!} Kd6 61. Kf4 (61. Kg6 Ke7 $11) 61... Bh8 62.
Bf7 Bd4 63. Bg6 Bh8 64. Ke3 Bg7 65. Kd3 Kc5 $1 {Empêche le passage du roi.
C'est nulle!} 66. Bf5 {Une grosse déception!Etonnament cette partie ne figure
pas dans les bases de données!} 1/2-1/2

[Event "USA-CHN Summit 2nd"]
[Site "Shanghai"]
[Date "2002.07.15"]
[Round "4"]
[White "Nakamura, Hikaru"]
[Black "Wang, Yue"]
[Result "1/2-1/2"]
[WhiteElo "2494"]
[BlackElo "2455"]
[Annotator "Postny,E"]
[PlyCount "96"]
[EventDate "2002.07.11"]
[EventType "team"]
[EventRounds "4"]
[EventCountry "CHN"]
[SourceTitle "CBM 091"]
[Source "ChessBase"]
[SourceDate "2002.11.12"]
[SourceVersion "1"]
[SourceVersionDate "2002.11.12"]
[SourceQuality "1"]

1. d4 d5 2. c4 c6 3. Nf3 e6 4. Nc3 f5 5. g3 Nf6 6. Bg2 Bd6 7. O-O O-O 8. b3 ({
Another logical move is} 8. Qc2 {following by the plan, connected with Rb1 and
b2-b4.}) 8... Bd7 {[%cal Yd7e8,Ye8h5]} ({More popular is} 8... Nbd7 {with
possible development of the queenside B by b6 and Bb7.}) 9. Ne5 {A rare move.
The alternatives does not yield white an advantage as well.} (9. Bb2 Be8 10.
Qc1 Ne4 11. Ne5 Nd7 12. Nxe4 dxe4 13. f3 $6 (13. Rd1) 13... Nxe5 14. dxe5 Bc5+
15. Kh1 exf3 16. exf3 f4 $15 {1/2-1/2 Illescas Cordoba,M-Polugaevsky,L/Logrono
1991/EXT 97 (47)}) (9. Bf4 Bxf4 10. gxf4 Ne4 11. Qc1 Be8 12. e3 Rf6 13. Ne5 Rh6
14. f3 Nxc3 15. Qxc3 Nd7 16. Qe1 (16. Nxd7 $142) 16... Nxe5 17. fxe5 f4 18.
cxd5 cxd5 19. exf4 Bb5 20. Rf2 Qh4 $17 {1/2-1/2 Schmitzer,K-Arnold,L/Germany
1991/GER-chT2 (52)}) 9... Be8 10. Nd3 (10. Bf4 Qe7 11. c5 Bc7 12. b4 Nh5 13.
Qd2 a5 14. a3 h6 15. Nd3 Nxf4 16. gxf4 g5 17. e3 Qg7 18. fxg5 hxg5 19. f4 Qh6
$13 {0-1 Miralles,G-Ye Jiangchuan/Luzern 1985/MCD (47)}) 10... Nbd7 $146 (10...
Ne4 11. Bb2 g5 12. Qc2 Nd7 13. e3 h5 (13... g4) 14. Ne2 Kh8 15. f3 Nef6 16. Nc3
Bg6 17. Rae1 g4 18. f4 $14 {0-1 Dearing,E-Pcola,P/Herculane 1994/TD (35)}) 11.
cxd5 $6 {This exchange is not particularly logical, since it helps black to
get rid of his weak Pe6.} (11. c5 $5 Bc7 12. f4 $13) 11... exd5 {It can be
concluded, that black has got a comfortable position after opening.} 12. f3 ({
Possible is} 12. Bf4 Be7 {with a complicated struggle.}) 12... Bf7 13. Bh3 Bg6
({Black achieves nothing after} 13... Qb6 14. Bf4 Qxd4+ $2 15. e3 Qxc3 16. Bxd6
$16 {[%csl Rc3][%cal Rd6b4,Rd6f8]}) 14. Bg5 Qe8 15. Qd2 Nh5 $15 16. Bf4 (16.
Nf4 $6 h6) 16... Nxf4 17. gxf4 $1 {[%csl Ye5][%cal Yd4e5,Yf4e5] This recapture
is stronger, than 17.Nxf4. Now white gets an opportunity to establish his N on
the strong outpost e5.} Qe7 18. e3 Qh4 $6 {The black queen has nothing to do
on h4.} ({Possible is} 18... Kh8 {with an idea to prepare the g7-g5 strike.})
19. Bg2 Rae8 20. Qf2 Qh5 (20... Qh6 $5) 21. Ne2 Re6 22. Ne5 Be8 23. Ng3 Qh4 $6
{Allowing the following small tactical trick.} ({Better was} 23... Qh6 {
keeping the queens on the board.}) {[%tqu "En","What would you suggest for
white?","","","g3e4","Now black is forced to exchange QQ, which is in white's
favour.",10]} 24. Ne4 $1 {Now black is forced to go for queens exchange, which
is in white's favour.} Qxf2+ 25. Nxf2 c5 26. Rac1 ({More precisely} 26. Rfe1 {
[%csl Rg2][%cal Yg2f1]} cxd4 27. exd4) 26... cxd4 27. exd4 Nb8 28. Nfd3 $6 (28.
Rfd1 $142 {[%cal Yg2f1]}) 28... Bb5 29. Rfd1 Bxd3 30. Rxd3 Nc6 31. Kf2 (31.
Nxc6 $2 Bxf4 $1 {[%csl Rc1,Rc6] and black wins a pawn.}) 31... Bc7 32. Rdc3 Ba5
(32... Bb6 33. Nxc6 bxc6 34. Rxc6 Bxd4+ 35. Kg3 $15) 33. Rc5 $6 {This is too
risky. Now the white king may become vulnerable.} (33. Rd3 Bb6 34. Nxc6 bxc6
35. Re1 $15) 33... Bb6 (33... Bd2 $5 34. R1c2 Bxf4 35. Nxc6 bxc6 36. Rxc6 Rxc6
37. Rxc6 Bxh2 $15) 34. Rxd5 Bxd4+ ({Interesting, but insufficient is} 34... Nb4
$6 35. Rb5 $8 (35. Rd7 $2 Rxe5 36. fxe5 Nd3+ $19) 35... Nxa2 36. Rc2 Bxd4+ 37.
Kg3 Nc3 38. Rxb7 {and white is equalizing, since now} g5 $2 {can be dangerous
only for black after} 39. Bf1 $1 gxf4+ 40. Kh4 $1 Bxe5 (40... Rxe5 41. Rg2+ Kh8
42. Rgg7) 41. Bc4 Rfe8 42. Kg5) 35. Kf1 Be3 (35... Bxe5 $6 36. fxe5 f4 37. Bh3
Rxe5 38. Rxe5 Nxe5 39. Be6+ Kh8 40. Bd5 $44) 36. Rc4 g6 $6 ({Black could just
capture the pawn:} 36... Bxf4 {since} 37. Nd7 {is strongly met by} Rfe8 $1 38.
Rxf4 Re1+ 39. Kf2 R8e2+ 40. Kg3 Rg1 {and white is in trouble.}) 37. Rd7 $6 {
Another inaccuracy. Probably both players were short of time.} ({Safer would be
} 37. Nxc6 bxc6 38. Re5) 37... Rxe5 $2 {This leads to a simplification of
position, and black's advantage decreases to a minimum.} ({After strong} 37...
Rfe8 $1 {black has a significant advantage, mainly because of bad Bg2.}) 38.
fxe5 Nxe5 39. Rxb7 Nxc4 40. bxc4 Rf7 $6 {Leads to the obvious draw.} (40... Rd8
41. Rb2 Kf7 {could still give black slight practical winning chances.}) 41.
Rxf7 Kxf7 $11 42. Ke2 Bf4 43. h3 Ke6 44. Kd3 Kd6 45. Kd4 Be5+ 46. Ke3 Kc5 47.
f4 {Finally the white bishop is waking up!} Bd4+ 48. Kd3 h6 1/2-1/2